[Event "Canadian-ch op"]
[Site "Hamilton"]
[Date "2022.07.13"]
[Round "3"]
[White "Noritsyn, Nikolay"]
[Black "Perez Rodriguez, Luis Manuel"]
[Result "1-0"]
[WhiteElo "2482"]
[BlackElo "2328"]
[PlyCount "67"]
[EventDate "2022.07.12"]
[EventType "swiss"]
[EventRounds "9"]
[EventCountry "CAN"]
[SourceTitle "CBM 209 Extra"]
[Source "ChessBase"]
[SourceDate "2022.09.30"]
[SourceVersion "1"]
[SourceVersionDate "2022.09.30"]
[SourceQuality "1"]

1. e4 e5 2. Nf3 Nc6 3. Bc4 Nf6 4. d3 Be7 5. 0-0 0-0 6. Re1 d6 7. a4 h6 8. h3 Nh7 9. Nc3 Ng5 10. Nd5 Nxf3+ 11. Qxf3 Nd4 12. Qd1 Bg5 13. c3 Bxc1 14. Rxc1 Ne6 15. d4 c6 16. Ne3 Nf4 17. Bf1 Qg5 18. Kh2 Be6 19. g3 Ng6 20. Bg2 Rad8 21. Rf1 Kh8 22. Qe2 Qf6 23. Rcd1 Bb3 24. Rd2 Rfe8 25. d5 Bxa4 26. Ra1 Bb5 27. c4 Ba6 28. dxc6 Ne7 29. c7 Rc8 30. b4 Rxc7 31. b5 Bxb5 32. cxb5 b6 33. Rad1 Rd8 34. h4 1-0

[Event "Ottawa Eastern Ontario"]
[Site "Ottawa"]
[Date "2022.06.11"]
[Round "6"]
[White "Perez Rodriguez, Luis Manuel"]
[Black "Talukdar, Rohan Shyam"]
[Result "1/2-1/2"]
[WhiteElo "2334"]
[BlackElo "2315"]
[PlyCount "33"]
[EventDate "2022.06.08"]
[EventType "tourn"]
[EventRounds "9"]
[EventCountry "CAN"]
[EventCategory "6"]
[SourceTitle "CBM 208 Extra"]
[Source "ChessBase"]
[SourceDate "2022.07.31"]
[SourceVersion "1"]
[SourceVersionDate "2022.07.31"]
[SourceQuality "1"]

1. e4 e6 2. d4 d5 3. e5 c5 4. c3 Nc6 5. Nf3 Qb6 6. Bd3 cxd4 7. 0-0 Bd7 8. Nbd2 dxc3 9. bxc3 Nge7 10. Re1 Ng6 11. Nb3 Qc7 12. Qe2 Be7 13. Nbd4 Nxd4 14. cxd4 h6 15. Be3 0-0 16. h4 Rac8 17. h5 1/2-1/2

[Event "Ottawa Eastern Ontario"]
[Site "Ottawa"]
[Date "2022.06.11"]
[Round "7"]
[White "Perez Rodriguez, Luis Manuel"]
[Black "Vera Gonzalez Quevedo, Reynaldo"]
[Result "1/2-1/2"]
[WhiteElo "2334"]
[BlackElo "2443"]
[PlyCount "40"]
[EventDate "2022.06.08"]
[EventType "tourn"]
[EventRounds "9"]
[EventCountry "CAN"]
[EventCategory "6"]
[SourceTitle "CBM 208 Extra"]
[Source "ChessBase"]
[SourceDate "2022.07.31"]
[SourceVersion "1"]
[SourceVersionDate "2022.07.31"]
[SourceQuality "1"]

1. e4 e5 2. Nf3 Nf6 3. Nxe5 d6 4. Nf3 Nxe4 5. Qe2 Qe7 6. d3 Nf6 7. Bg5 Qxe2+ 8. Bxe2 Be7 9. Nc3 c6 10. Ne4 Nbd7 11. 0-0-0 d5 12. Nxf6+ Bxf6 13. Bxf6 Nxf6 14. h3 0-0 15. Rhe1 Re8 16. Bf1 Bd7 17. Rxe8+ Rxe8 18. Re1 Rxe1+ 19. Nxe1 Kf8 20. Kd2 Ke7 1/2-1/2

[Event "Ottawa Eastern Ontario"]
[Site "Ottawa"]
[Date "2022.06.10"]
[Round "5"]
[White "Liang, Jason"]
[Black "Perez Rodriguez, Luis Manuel"]
[Result "1/2-1/2"]
[WhiteElo "2443"]
[BlackElo "2334"]
[PlyCount "68"]
[EventDate "2022.06.08"]
[EventType "tourn"]
[EventRounds "9"]
[EventCountry "CAN"]
[EventCategory "6"]
[SourceTitle "CBM 208 Extra"]
[Source "ChessBase"]
[SourceDate "2022.07.31"]
[SourceVersion "1"]
[SourceVersionDate "2022.07.31"]
[SourceQuality "1"]

1. e4 e5 2. Nf3 Nc6 3. Bc4 Nf6 4. Ng5 d5 5. exd5 Na5 6. Bb5+ c6 7. dxc6 bxc6 8. Bd3 Nd5 9. Nf3 Bd6 10. 0-0 0-0 11. Re1 f5 12. Nxe5 Qf6 13. Nf3 g5 14. c4 Nf4 15. Bf1 g4 16. d4 gxf3 17. Qxf3 Qh4 18. Qg3+ Qxg3 19. hxg3 Ne6 20. c5 Be7 21. Bd2 Nb7 22. Bc4 Nbd8 23. Na3 Bf6 24. Nc2 Kg7 25. Rad1 a5 26. Bc3 Ng5 27. d5 Bxc3 28. bxc3 cxd5 29. Bxd5 Ra7 30. Nd4 Ne4 31. Nb5 Ra6 32. Nc7 Ra7 33. Nb5 Ra6 34. Nc7 Ra7 1/2-1/2

[Event "Ottawa Eastern Ontario"]
[Site "Ottawa"]
[Date "2022.06.10"]
[Round "4"]
[White "Perez Rodriguez, Luis Manuel"]
[Black "Noritsyn, Nikolay"]
[Result "0-1"]
[WhiteElo "2334"]
[BlackElo "2488"]
[PlyCount "64"]
[EventDate "2022.06.08"]
[EventType "tourn"]
[EventRounds "9"]
[EventCountry "CAN"]
[EventCategory "6"]
[SourceTitle "CBM 208 Extra"]
[Source "ChessBase"]
[SourceDate "2022.07.31"]
[SourceVersion "1"]
[SourceVersionDate "2022.07.31"]
[SourceQuality "1"]

1. e4 e6 2. d4 d5 3. e5 c5 4. c3 Nc6 5. Nf3 Bd7 6. Bd3 cxd4 7. 0-0 dxc3 8. Nxc3 Nge7 9. Re1 Ng6 10. g3 Qb8 11. Qe2 Bc5 12. Bd2 0-0 13. Rac1 Nd4 14. Nxd4 Bxd4 15. Qh5 f6 16. exf6 Rxf6 17. Re2 Qf8 18. Nxd5 Rxf2 19. Be3 Rxe2 20. Qxe2 Bxe3+ 21. Nxe3 Rc8 22. Rxc8 Qxc8 23. Be4 Qc1+ 24. Kg2 Bc6 25. Nc4 Qg5 26. Kf2 Qc5+ 27. Kf1 Bd5 28. Bxd5 Qxd5 29. h4 Ne7 30. Ne3 Qxa2 31. Qb5 Qa6 32. Qxa6 bxa6 0-1

[Event "San Pedro de Macoris zt 2.3"]
[Site "San Pedro de Macoris"]
[Date "2022.03.23"]
[Round "6"]
[White "Camacho Campusano, David Daniel"]
[Black "Perez Rodriguez, Luis Manuel"]
[Result "1/2-1/2"]
[WhiteElo "2205"]
[BlackElo "2326"]
[PlyCount "28"]
[EventDate "2022.03.20"]
[EventType "swiss"]
[EventRounds "9"]
[EventCountry "DOM"]
[SourceTitle "EXT 2023"]
[Source "ChessBase"]
[SourceDate "2022.10.05"]
[SourceVersion "1"]
[SourceVersionDate "2022.10.05"]
[SourceQuality "1"]

1. c4 e5 2. Nc3 Nf6 3. Nf3 Nc6 4. e4 Bc5 5. Nxe5 Nxe5 6. d4 Bb4 7. dxe5 Nxe4 8. Qf3 f5 9. Bd3 d5 10. 0-0 Bxc3 11. bxc3 0-0 12. cxd5 Qxd5 13. Bxe4 Qxe4 14. Qxe4 fxe4 1/2-1/2

[Event "Iberoamerican-ch 8th"]
[Site "Mexico City"]
[Date "2022.02.18"]
[Round "8"]
[White "Tapie Amione, Pablo Adib"]
[Black "Perez Rodriguez, Luis Manuel"]
[Result "1/2-1/2"]
[WhiteElo "2241"]
[BlackElo "2324"]
[PlyCount "59"]
[EventDate "2022.02.12"]
[EventType "swiss"]
[EventRounds "9"]
[EventCountry "MEX"]
[SourceTitle "CBM 206 Extra"]
[Source "ChessBase"]
[SourceDate "2022.03.31"]
[SourceVersion "1"]
[SourceVersionDate "2022.03.31"]
[SourceQuality "1"]

1. e4 e5 2. Nf3 Nc6 3. Bb5 a6 4. Ba4 Nf6 5. 0-0 b5 6. Bb3 Be7 7. Re1 0-0 8. a4 Bb7 9. d3 Re8 10. h3 h6 11. Nc3 b4 12. Nd5 Na5 13. Nxf6+ Bxf6 14. Ba2 d5 15. Bd2 c5 16. Nh2 dxe4 17. dxe4 Bg5 18. Bxg5 Qxg5 19. Bd5 Rad8 20. Qf3 Bxd5 21. exd5 e4 22. Rxe4 Rxe4 23. Qxe4 Qxd5 24. Qxd5 Rxd5 25. Nf3 Nc4 26. b3 Na3 27. Rc1 c4 28. bxc4 Rc5 29. Nd2 Nxc4 30. Nb3 1/2-1/2

[Event "Iberoamerican-ch 8th"]
[Site "Mexico City"]
[Date "2022.02.14"]
[Round "4"]
[White "Ortiz Verdesoto, Anahi Eduarda"]
[Black "Perez Rodriguez, Luis Manuel"]
[Result "0-1"]
[WhiteElo "2047"]
[BlackElo "2324"]
[PlyCount "73"]
[EventDate "2022.02.12"]
[EventType "swiss"]
[EventRounds "9"]
[EventCountry "MEX"]
[SourceTitle "CBM 206 Extra"]
[Source "ChessBase"]
[SourceDate "2022.03.31"]
[SourceVersion "1"]
[SourceVersionDate "2022.03.31"]
[SourceQuality "1"]

1. d4 d5 2. c4 c6 3. cxd5 cxd5 4. Bf4 Nf6 5. e3 Nc6 6. Nc3 a6 7. Bd3 Bg4 8. Nge2 e6 9. 0-0 Bd6 10. Bxd6 Qxd6 11. Rc1 0-0 12. Qd2 Bxe2 13. Bxe2 Rac8 14. Rfd1 Rc7 15. Na4 Ne4 16. Qe1 Rfc8 17. f3 Nf6 18. a3 e5 19. dxe5 Qxe5 20. Rd3 Re8 21. b4 Rce7 22. Qd2 Qf5 23. Nc5 Ne5 24. Rd4 h5 25. e4 dxe4 26. Nxe4 Nc6 27. Ng3 Qe5 28. Rdc4 Rd7 29. Qc3 Nd4 30. Bf1 h4 31. Nh1 h3 32. Ng3 hxg2 33. Kxg2 Nd5 34. Rxd4 Nxc3 35. Rxd7 Nd5 36. Ne4 Qb2+ 37. Kg1 0-1

[Event "Titled Tuesday intern op 16th Nov"]
[Site "Chess.com INT"]
[Date "2021.11.16"]
[Round "3"]
[White "Perez Rodriguez, Luis Manuel"]
[Black "Djordjevic, Vuk D"]
[Result "0-1"]
[WhiteElo "2324"]
[BlackElo "2382"]
[PlyCount "100"]
[EventDate "2021.11.16"]
[EventType "swiss (blitz)"]
[EventRounds "11"]
[EventCountry "USA"]
[SourceTitle "CBM 205 Extra"]
[Source "ChessBase"]
[SourceDate "2022.01.31"]
[SourceVersion "1"]
[SourceVersionDate "2022.01.31"]
[SourceQuality "1"]

1. e4 e6 2. d4 d5 3. Nc3 Bb4 4. e5 c5 5. a3 Bxc3+ 6. bxc3 Qa5 7. Bd2 Qa4 8. Qb1 c4 9. h4 Ne7 10. h5 h6 11. Nf3 Nbc6 12. g3 Bd7 13. Bh3 0-0-0 14. 0-0 Kb8 15. Re1 Rdf8 16. Qc1 Ka8 17. Bf4 Nb8 18. Bg4 Bc6 19. Nh4 Nd7 20. Bd2 Nb6 21. f4 Bd7 22. Rf1 Nf5 23. Nxf5 exf5 24. Bf3 g6 25. hxg6 fxg6 26. Qb2 Rhg8 27. Ra2 g5 28. Qb4 Qxb4 29. axb4 g4 30. Bg2 Kb8 31. Kf2 h5 32. Rh1 Rh8 33. Bc1 Rd8 34. Bd2 Rh6 35. Ra5 Rdh8 36. Rha1 a6 37. Bxd5 Nxd5 38. Rxd5 Bc6 39. Rd6 Rxd6 40. exd6 h4 41. gxh4 Rxh4 42. Re1 Rh2+ 43. Ke3 Rh3+ 44. Kf2 Rh2+ 45. Ke3 Bf3 46. b5 axb5 47. Bc1 Kc8 48. Ba3 Rxc2 49. Bb4 Kd7 50. Ra1 Re2# 0-1